| 000 | 00755cac a22002291u 4500 | ||
|---|---|---|---|
| 090 | _c617 | ||
| 008 | 081102t1983 xxu||||| |||| 00| 0 eng d | ||
| 010 | _a82011596 | ||
| 020 | _a0201000237 | ||
| 082 | 0 | 0 |
_a001.64 _bA2869 |
| 100 |
_aAho, Alfred V. _917981 |
||
| 245 | 1 | 0 |
_aData structures and algorithms / _cAlfred V. Aho, John E. Hopcroft, Jeffrey D. Ullman. |
| 260 |
_aReading, Mass: _bAddison-Wesley, _cc1983. |
||
| 300 |
_axi, 427 p. : _bill. ; _c25 cm. |
||
| 500 | _aIncludes index. | ||
| 504 | _aBibliography: p. [411]-417. | ||
| 650 | 0 | _aData structures (Computer science) | |
| 650 | 0 | _aComputer algorithms. | |
| 700 | 1 |
_aHopcroft, John E., _d1939- _917984 |
|
| 700 | 1 |
_aUllman, Jeffrey D., _d1942- |
|
| 942 |
_cBB _k001.64A2869 _2ddc |
||
| 999 |
_c617 _d617 |
||